Introduction to 6800/6802 microprocessor systems : hardware, software, and experimentation /
Guardado en:
| Autor Principal: | |
|---|---|
| Otros Autores: | |
| Formato: | Libro |
| Idioma: | English |
| Publicado: |
Borough Green, Sevenoaks, Kent :
Newnes Technical Books,
1982.
|
| Materias: | |
| Etiquetas: |
Agregar Etiqueta
Sin Etiquetas, Sea el primero en etiquetar este registro!
|
| LEADER | 00946nam a22002415a 4500 | ||
|---|---|---|---|
| 001 | EIQ.libpla003807 | ||
| 008 | 850314s1982####enka##########001#0#eng#d | ||
| 005 | 20080319174036.0 | ||
| 245 | 1 | 0 | |a Introduction to 6800/6802 microprocessor systems : |b hardware, software, and experimentation / |c Robert J. Simpson and Trevor J. Terrell. |
| 260 | |a Borough Green, Sevenoaks, Kent : |b Newnes Technical Books, |c 1982. | ||
| 300 | |a 238 p. : |b il. ; |c 22 cm. | ||
| 500 | |a Incluye índice. | ||
| 020 | |a 0408011793 (pbk.) | ||
| 100 | 1 | |a Simpson, Robert J. | |
| 700 | 1 | |a Terrell, Trevor J. | |
| 082 | 0 | 0 | |a 001.64 |2 19 |
| 650 | 4 | |a Computadores |x Motorola 6800 (Microprocesador). | |
| 650 | 4 | |a Computadores |x Motorola 6802 (Microprocesador). | |
| 650 | 4 | |a Computers |x Motorola 6800 (Microprocessor). | |
| 650 | 4 | |a Computers |x Motorola 6802 (Microprocessor). | |
| 010 | |a 82191137 | ||
| 040 | |a DLC |c DLC |d AR-BbSID | ||
| 859 | |a AR-BbSID |b BIB. PLAPIQUI |h 001.640 4 |i Si 41 |p 2679 | ||
